000 00728nam a2200253Ia 4500
003 OSt
005 20220928124321.0
006 a|||||r|||| 00| 0
007 ta
008 220927b |||||||| |||| 00| 0 eng d
020 _c5060.4899999999998
024 _a127328
037 _b18, 20/10/2015, Aviva Books Company
_cTextual
040 _aSDCL
_cSDCL
_beng
041 _2eng
_aeng
082 _aB6:2, Q5
100 _aKanatani Kenichi
_9464341
245 0 _aUnderstanding geometric algebra
260 _aLondon
_bCRC Press
_c2015
300 _axv;192p.
_ccm.
650 _aMathematics
942 _hB6:2, Q5
_cTEXL
_2CC
999 _c777255
_d777255